|
|
|
|
| LEADER |
00000nab a2200000 a 4500 |
| 001 |
vtls000692846 |
| 003 |
SK-MaSNL |
| 005 |
20260318123946.0 |
| 008 |
180205c1999 xo 0 hun |
| 015 |
|
|
|a SNBRB1999/04-10720
|
| 035 |
|
|
|a CLN000045013
|
| 040 |
|
|
|a SNKBUCL
|b slo
|c SNKBUCL
|e AACR2
|
| 041 |
0 |
|
|a hun
|
| 044 |
|
|
|a xo
|c SK
|
| 080 |
|
|
|a 338.46(437.6):615
|2 UDC-MRF-SK2
|
| 080 |
|
|
|a 615.2(437.6)
|2 UDC-MRF-SK2
|
| 100 |
1 |
|
|a Csepécz, Szilvia M.,
|d 1965-2011
|4 ain
|9 49646
|
| 245 |
1 |
0 |
|a Gyógyszertárak feketelistán
|c M. Csepécz Szilvia, Baťalík Ján, Czirfusz Attila
|
| 300 |
|
|
|b Fotogr.
|
| 650 |
0 |
7 |
|a lieky
|x politika lieková
|z Slovensko
|2 snkbucl
|9 863144
|
| 655 |
|
7 |
|a články z novín a časopisov
|2 snkbucl
|9 267496
|
| 700 |
1 |
|
|a Baťalík, Ján
|4 aut
|4 uin
|9 1270802
|
| 700 |
1 |
|
|a Czirfusz, Attila,
|d 1959-
|4 aut
|4 uin
|9 206399
|
| 773 |
0 |
|
|t Új nő
|g Č. 4 (1999), s. 24-26
|
| 850 |
|
|
|a Slovenská národná knižnica v Martine
|
| 852 |
|
|
|a SNK
|b KIS3GCP
|
| 958 |
|
|
|a RBX
|
| 999 |
|
|
|c 2516713
|d 2518643
|